[Event "X Open"]
[Site "Condino ITA"]
[Date "2010.07.26"]
[Round "1"]
[White "Scharrer, Patrick"]
[Black "Van Rekom, Robert"]
[Result "1-0"]
[WhiteElo "2253"]
[BlackElo "1879"]
[PlyCount "65"]
[EventDate "2010.07.26"]

1. e4 e6 2. d3 d5 3. Nd2 Bc5 4. Ngf3 Nc6 5. c3 d4 6. Nb3 Bb6 7. cxd4 Bxd4 8.
Nbxd4 Nxd4 9. Qa4+ Nc6 10. Bd2 Bd7 11. Bc3 e5 12. Qb5 f6 13. Qxb7 Rb8 14. Qa6
Rb6 15. Qa3 Bg4 16. Qa4 Nge7 17. Be2 Bxf3 18. Bxf3 Qxd3 19. Be2 Qd7 20. Rd1 Qc8
21. Bc4 Qg4 22. O-O h5 23. f3 Qg5 24. Rd3 h4 25. Rfd1 Rb8 26. Be6 Kf8 27. Qxa7
Re8 28. Qc5 h3 29. g3 g6 30. Bd7 Rd8 31. Bxc6 Rxd3 32. Rxd3 Qc1+ 33. Kf2 1-0

[Event "X Open"]
[Site "Condino ITA"]
[Date "2010.07.26"]
[Round "1"]
[White "Taloni, Silvio"]
[Black "Van den Bergh, Peter"]
[Result "0-1"]
[WhiteElo "1778"]
[BlackElo "2074"]
[PlyCount "116"]
[EventDate "2010.07.26"]

1. d4 Nf6 2. Nf3 g6 3. Nbd2 Bg7 4. e4 d6 5. Bd3 O-O 6. O-O Nbd7 7. Re1 c5 8. c3
b6 9. a4 Bb7 10. Qe2 Rc8 11. b4 e6 12. Bb2 Qe7 13. a5 Rc7 14. axb6 axb6 15. Ra7
Ra8 16. Rea1 Qd8 17. Nc4 Rxa7 18. Rxa7 Qb8 19. Ra1 cxb4 20. cxb4 Nxe4 21. Nxb6
Nxb6 22. Bxe4 Bxe4 23. Qxe4 d5 24. Qe2 Nc4 25. Rc1 Qxb4 26. Bc3 Qa3 27. Qe1 Nd6
28. Bd2 Rxc1 29. Bxc1 Qd3 30. Qd2 Qxd2 31. Bxd2 Nb5 32. Be3 Kf8 33. Kf1 Ke7 34.
Ke2 f6 35. Kd3 Kd6 36. Bd2 Kc6 37. Bb4 Nc7 38. Bc3 Kb5 39. Kc2 Ka4 40. Kd3 Bh6
41. Bb2 Na6 42. Kc3 Bf8 43. Bc1 Nb4 44. Be3 Nc6 45. Kc2 Bb4 46. Bh6 g5 47. Bg7
Be7 48. g4 Kb5 49. Kc3 Nd8 50. h4 gxh4 51. Nxh4 f5 52. Nf3 fxg4 53. Ne5 h5 54.
Kd3 Bg5 55. f4 Bxf4 56. Bf6 Bxe5 57. dxe5 Nf7 58. Kd4 Nh6 0-1

[Event "X Open"]
[Site "Condino ITA"]
[Date "2010.07.26"]
[Round "1"]
[White "Zallocco, Marco"]
[Black "Mazzetta, Renato"]
[Result "0-1"]
[WhiteElo "1465"]
[BlackElo "1929"]
[PlyCount "64"]
[EventDate "2010.07.26"]

1. d4 d5 2. Bf4 Nf6 3. Nf3 e6 4. e3 Bd6 5. Bxd6 Qxd6 6. c3 Nbd7 7. Bd3 O-O 8.
h3 c5 9. O-O c4 10. Bc2 b5 11. a3 a5 12. Nbd2 Bb7 13. Qe2 Rfe8 14. Rfd1 Qe7 15.
Ne5 Nxe5 16. dxe5 Ne4 17. f4 Nxd2 18. Rxd2 b4 19. axb4 axb4 20. Rdd1 b3 21.
Rxa8 Rxa8 22. Bb1 g6 23. e4 Qc5+ 24. Rd4 Ra1 25. Qe1 dxe4 26. Kh1 Bd5 27. Rd1
Qe7 28. Qe2 f5 29. exf6 Qxf6 30. g3 h5 31. Re1 Qf5 32. Bxe4 Rxe1+ 0-1

[Event "X Open"]
[Site "Condino ITA"]
[Date "2010.07.26"]
[Round "2"]
[White "Bini, Massimo"]
[Black "De Santis, Alessio"]
[Result "0-1"]
[WhiteElo "2044"]
[BlackElo "2348"]
[PlyCount "84"]
[EventDate "2010.07.26"]

1. d4 b6 2. Bf4 Bb7 3. e3 e6 4. Nd2 d6 5. Ngf3 Nd7 6. c3 Ngf6 7. h3 h6 8. Qc2
Qe7 9. Bh2 g5 10. Be2 Rg8 11. g4 Bg7 12. Rg1 a5 13. a4 Nd5 14. Nc4 O-O-O 15.
O-O-O Rdf8 16. e4 Nf4 17. Bxf4 gxf4 18. Ncd2 Kb8 19. Bd3 Rc8 20. Rge1 c5 21. d5
Bf6 22. Bc4 e5 23. Qd3 h5 24. Rg1 Ka7 25. Ne1 Bh4 26. f3 Bf2 27. Rh1 Qh4 28.
Nc2 Rh8 29. Qf1 Rh6 30. Na3 Rch8 31. Nb5+ Kb8 32. Nxd6 Rxd6 33. Qg2 Qg3 34. Qf1
hxg4 35. hxg4 Rdh6 36. Rxh6 Rxh6 37. Bb5 Nf8 38. Ba6 Be3 39. Kc2 Rh2 40. Bxb7
Kxb7 41. Qd3 Qxf3 42. d6 Qxd1+ 0-1

[Event "X Open"]
[Site "Condino ITA"]
[Date "2010.07.26"]
[Round "2"]
[White "Bonugli, Carlo"]
[Black "Scharrer, Patrick"]
[Result "1/2-1/2"]
[WhiteElo "2032"]
[BlackElo "2253"]
[PlyCount "80"]
[EventDate "2010.07.26"]

1. e4 g6 2. d4 Bg7 3. f4 d5 4. e5 c5 5. Nc3 Nc6 6. Nf3 Bg4 7. dxc5 d4 8. Ne4 f6
9. Bc4 fxe5 10. Bf7+ Kxf7 11. Nfg5+ Ke8 12. Qxg4 Nf6 13. Qe6 Nxe4 14. Nxe4 Qd7
15. Nd6+ Kd8 16. Nf7+ Kc7 17. Qxd7+ Kxd7 18. Nxh8 Bxh8 19. fxe5 Nxe5 20. Bg5
Rc8 21. O-O-O Nf7 22. Be3 e5 23. c3 Rxc5 24. Kb1 Rd5 25. cxd4 exd4 26. Rd3 Nd6
27. Rhd1 Nf5 28. Bf2 h5 29. Re1 Bf6 30. g4 hxg4 31. Re4 Re5 32. Rxg4 Re2 33.
Bg1 g5 34. Bxd4 Nxd4 35. Rgxd4+ Bxd4 36. Rxd4+ Kc6 37. h4 gxh4 38. Rxh4 b5 39.
a4 bxa4 40. Rxa4 Kb6 1/2-1/2

[Event "X Open"]
[Site "Condino ITA"]
[Date "2010.07.26"]
[Round "2"]
[White "Brunello, Marina"]
[Black "Barucco, Mattia"]
[Result "1-0"]
[WhiteElo "2216"]
[BlackElo "2014"]
[PlyCount "67"]
[EventDate "2010.07.26"]

1. e4 c6 2. d4 d5 3. e5 Bf5 4. Nf3 e6 5. Be2 c5 6. O-O Nc6 7. c3 Nge7 8. Be3
Bxb1 9. Rxb1 Nf5 10. Bd3 cxd4 11. Bxd4 Nfxd4 12. cxd4 Qb6 13. a3 Be7 14. b4 g5
15. Qa4 g4 16. b5 Nd8 17. Nd2 O-O 18. Nb3 f5 19. exf6 Rxf6 20. Nc1 h5 21. Qd1
Kg7 22. Bc2 Nf7 23. Qd3 Rh8 24. Ne2 Nd6 25. a4 Nc4 26. Rbc1 Nd6 27. Bb1 Nf5 28.
Ng3 Nxd4 29. a5 Qxa5 30. Qxd4 Qxb5 31. Qe5 Qe8 32. Ne2 Kg8 33. Nd4 Bd8 34. Rc8
1-0

[Event "X Open"]
[Site "Condino ITA"]
[Date "2010.07.26"]
[Round "2"]
[White "Caldara, Sisto"]
[Black "Zallocco, Marco"]
[Result "1-0"]
[WhiteElo "1803"]
[BlackElo "1465"]
[PlyCount "37"]
[EventDate "2010.07.26"]

1. d4 d5 2. c4 c6 3. Nc3 Nf6 4. e3 Bf5 5. Nf3 e6 6. c5 b6 7. b4 bxc5 8. bxc5
Nbd7 9. Qa4 Qc7 10. Nh4 Be4 11. f3 Bg6 12. Ba6 Nb8 13. Be2 Be7 14. Bd2 O-O 15.
Nxg6 hxg6 16. O-O Nbd7 17. Be1 Qc8 18. Ba6 Qc7 19. Bg3 1-0

[Event "X Open"]
[Site "Condino ITA"]
[Date "2010.07.26"]
[Round "2"]
[White "Cesati Cassin, Giorgio"]
[Black "Mombelli, Antonio"]
[Result "1/2-1/2"]
[WhiteElo "1592"]
[BlackElo "1839"]
[PlyCount "43"]
[EventDate "2010.07.26"]

1. e4 Nf6 2. e5 Nd5 3. d4 d6 4. Bc4 Nb6 5. Bb3 Nc6 6. Nf3 dxe5 7. Ng5 e6 8. d5
Nxd5 9. Qf3 Nf6 10. O-O Bd6 11. Nc3 O-O 12. Be3 Nd4 13. Bxd4 exd4 14. Nce4 Nxe4
15. Nxe4 Rb8 16. Rad1 e5 17. Rfe1 Bd7 18. c3 dxc3 19. Qxc3 Bc6 20. Nxd6 cxd6
21. Qd3 Qg5 22. Bd5 1/2-1/2

[Event "X Open"]
[Site "Condino ITA"]
[Date "2010.07.26"]
[Round "2"]
[White "Dittmar, Peter"]
[Black "Dappiano, Andrea"]
[Result "1/2-1/2"]
[WhiteElo "2326"]
[BlackElo "2033"]
[PlyCount "43"]
[EventDate "2010.07.26"]

1. c4 e5 2. g3 Nc6 3. Bg2 g6 4. Nc3 Bg7 5. e4 d6 6. Nge2 f5 7. d3 Nf6 8. O-O
O-O 9. Nd5 Be6 10. Bg5 Qd7 11. Qd2 Nh5 12. Bh6 f4 13. Bxg7 Qxg7 14. f3 g5 15.
g4 Nf6 16. Kf2 Nd4 17. Nxd4 exd4 18. Nxf6+ Rxf6 19. Rh1 Rh6 20. Rag1 Rh4 21.
Bf1 Qe5 22. Be2 1/2-1/2

[Event "X Open"]
[Site "Condino ITA"]
[Date "2010.07.26"]
[Round "2"]
[White "Giacometto, Mario"]
[Black "Gallucci, Alessio"]
[Result "1-0"]
[WhiteElo "1967"]
[BlackElo "2155"]
[PlyCount "75"]
[EventDate "2010.07.26"]

1. e4 c5 2. Nf3 Nc6 3. d4 cxd4 4. Nxd4 g6 5. Nc3 Bg7 6. Be3 Nf6 7. Bc4 O-O 8.
Bb3 d6 9. f3 Bd7 10. Qd2 Ne5 11. O-O-O Rc8 12. Kb1 Nc4 13. Bxc4 Rxc4 14. h4 b5
15. h5 b4 16. Nce2 Qc7 17. hxg6 fxg6 18. Bh6 Bxh6 19. Rxh6 e5 20. Nb3 d5 21.
exd5 Bf5 22. Na1 Rd8 23. d6 Qf7 24. g4 Be6 25. b3 Rc6 26. Qxb4 Nd5 27. Qe4
Rcxd6 28. Rdh1 Nf6 29. Qxe5 Rd5 30. Qg3 Rd1+ 31. Nc1 Qg7 32. Qe5 Bf7 33. R6h2
R1d5 34. Qc3 Rd4 35. Ne2 Rd2 36. g5 Nh5 37. Qxg7+ Kxg7 38. Nc3 1-0

[Event "X Open"]
[Site "Condino ITA"]
[Date "2010.07.26"]
[Round "2"]
[White "Gorelli Fagiolini, Marco"]
[Black "Oppici, Gabriele"]
[Result "1-0"]
[WhiteElo "2179"]
[BlackElo "2010"]
[PlyCount "83"]
[EventDate "2010.07.26"]

1. e4 Nc6 2. Nf3 d6 3. d4 Bg4 4. d5 Nb8 5. Nc3 Nf6 6. h3 Bxf3 7. Qxf3 g6 8. g4
Bg7 9. g5 Nfd7 10. h4 c6 11. h5 Qa5 12. Bd2 Qb6 13. O-O-O Na6 14. hxg6 hxg6 15.
Rxh8+ Bxh8 16. Qh3 Bg7 17. Na4 Qc7 18. Qh7 Bf8 19. dxc6 Qxc6 20. Nc3 Nac5 21.
Bb5 Qc8 22. f4 a6 23. Bc4 e6 24. Be2 Qc6 25. f5 exf5 26. exf5 Ne5 27. fxg6 fxg6
28. Bf4 O-O-O 29. Bxe5 dxe5 30. Bg4+ Nd7 31. Nd5 Kb8 32. Nf6 Qa4 33. Rxd7 Qf4+
34. Kd1 Qf1+ 35. Kd2 Bb4+ 36. c3 Qf2+ 37. Kd1 Qf1+ 38. Kc2 Qg2+ 39. Kb3 Ba5 40.
Rxd8+ Bxd8 41. Qd7 Bb6 42. Qd5 1-0

[Event "X Open"]
[Site "Condino ITA"]
[Date "2010.07.26"]
[Round "2"]
[White "Khachab, Ibrahim"]
[Black "Pipitone, Antonio"]
[Result "0-1"]
[WhiteElo "1891"]
[BlackElo "2044"]
[PlyCount "131"]
[EventDate "2010.07.26"]

1. e4 c5 2. Nf3 d6 3. d4 cxd4 4. Nxd4 Nf6 5. Nc3 Nc6 6. Be3 e6 7. Qd2 a6 8. f3
Be7 9. O-O-O Qc7 10. g4 h6 11. h4 Nxd4 12. Qxd4 e5 13. Qb6 Qxb6 14. Bxb6 Be6
15. Be2 Rc8 16. Kb1 Rc6 17. Be3 b5 18. Rh2 Bd8 19. a4 bxa4 20. Nxa4 Ba5 21. b3
Ke7 22. Bc1 Rb8 23. Bd3 Ne8 24. Bd2 Bxd2 25. Rhxd2 Nc7 26. Kb2 d5 27. exd5 Bxd5
28. Be2 Be6 29. Nc3 f6 30. g5 hxg5 31. hxg5 f5 32. Ra1 Rbb6 33. Ra5 Rd6 34. Nb1
Rxd2 35. Nxd2 Nb5 36. Bxb5 axb5 37. Ra7+ Bd7 38. b4 Rg6 39. Nb3 Kd6 40. Ra6+
Bc6 41. Na5 Kd5 42. Kc3 Be8 43. Ra8 Bd7 44. Ra7 Rd6 45. Rc7 Ke6 46. Nb3 g6 47.
Nc5+ Ke7 48. Nxd7 Rxd7 49. Rc5 Ke6 50. Rxb5 f4 51. Rc5 e4 52. fxe4 f3 53. Rc6+
Ke5 54. Rxg6 Kxe4 55. Rf6 Ke3 56. b5 f2 57. Kb4 Rd4+ 58. c4 Rf4 59. Rc6 f1=Q
60. g6 Qb1+ 61. Kc5 Qd3 62. Kb4 Rg4 63. b6 Rxg6 64. Rxg6 Qxg6 65. Kb5 Qf5+ 66.
c5 0-1

[Event "X Open"]
[Site "Condino ITA"]
[Date "2010.07.26"]
[Round "2"]
[White "Marguerettaz, Davy"]
[Black "Schaberg, Wolfgang"]
[Result "1-0"]
[WhiteElo "2092"]
[BlackElo "1945"]
[PlyCount "37"]
[EventDate "2010.07.26"]

1. e4 c5 2. Nf3 d6 3. d4 cxd4 4. Qxd4 Nc6 5. Bb5 Bd7 6. Bxc6 Bxc6 7. Nc3 Nf6 8.
Bg5 e6 9. O-O-O Be7 10. Rhe1 O-O 11. Kb1 Qc7 12. Qd2 Rfd8 13. Nd4 Rac8 14. f3
Ne8 15. g4 a6 16. h4 Bf6 17. Nce2 d5 18. e5 Qxe5 19. Bf4 1-0

[Event "X Open"]
[Site "Condino ITA"]
[Date "2010.07.26"]
[Round "2"]
[White "Mazzetta, Renato"]
[Black "Bettalli, Marco"]
[Result "1/2-1/2"]
[WhiteElo "1929"]
[BlackElo "2074"]
[PlyCount "60"]
[EventDate "2010.07.26"]

1. e4 e6 2. d3 d5 3. Nd2 c5 4. g3 Bd6 5. Bg2 Ne7 6. Ne2 Nbc6 7. O-O O-O 8. f4
f6 9. Nf3 b5 10. g4 dxe4 11. dxe4 Rb8 12. Be3 Qc7 13. g5 Ng6 14. f5 Nge5 15.
gxf6 Nxf3+ 16. Rxf3 Bxh2+ 17. Kh1 Rxf6 18. Qe1 exf5 19. Qh4 Bd6 20. Rg1 Ne5 21.
Rh3 h6 22. Bf3 f4 23. Qxf6 Bxh3 24. Bxf4 Rf8 25. Qxh6 Rxf4 26. Nxf4 Nxf3 27.
Qxh3 Nxg1 28. Qe6+ Kh7 29. Qg6+ Kg8 30. Qe6+ Kh7 1/2-1/2

[Event "X Open"]
[Site "Condino ITA"]
[Date "2010.07.26"]
[Round "2"]
[White "Menon, Michele"]
[Black "Popa, Claudiu"]
[Result "0-1"]
[WhiteElo "1733"]
[BlackElo "2211"]
[PlyCount "74"]
[EventDate "2010.07.26"]

1. Nf3 Nf6 2. g3 g6 3. Bg2 Bg7 4. c4 O-O 5. O-O c6 6. Nc3 d5 7. cxd5 Nxd5 8. d4
Nd7 9. e4 Nxc3 10. bxc3 Nb6 11. Bf4 Be6 12. Nd2 Qc8 13. a4 Nc4 14. Re1 Rd8 15.
Nxc4 Bxc4 16. Qc2 e6 17. Rab1 e5 18. Be3 Ba6 19. Qb3 exd4 20. cxd4 Bxd4 21. Bg5
Re8 22. Rbd1 Bg7 23. Rd2 h6 24. Be3 Qe6 25. Qa3 Bf8 26. Qb2 Qc4 27. Red1 Qxa4
28. Rd7 Bg7 29. Qd2 h5 30. Qd6 Qb3 31. Bg5 Qe6 32. Qd2 c5 33. Rd6 Qe5 34. Bf4
Qc3 35. Qd5 Qc4 36. Qg5 Qb4 37. Rd8 Raxd8 0-1

[Event "X Open"]
[Site "Condino ITA"]
[Date "2010.07.26"]
[Round "2"]
[White "Panjkovic, Aleksandar"]
[Black "Daniel, Jiri"]
[Result "1-0"]
[WhiteElo "2121"]
[BlackElo "2000"]
[PlyCount "75"]
[EventDate "2010.07.26"]

1. c4 Nf6 2. g3 g6 3. Bg2 Bg7 4. Nc3 e5 5. d3 c6 6. e4 d6 7. Nge2 Be6 8. O-O
Qd7 9. f4 Na6 10. Rb1 O-O 11. b4 Nh5 12. Be3 Nc7 13. Qd2 f5 14. exf5 gxf5 15.
b5 d5 16. bxc6 bxc6 17. fxe5 Bxe5 18. d4 Bg7 19. Rb7 Rfb8 20. cxd5 cxd5 21. Qb2
Qc8 22. Rb1 Rxb7 23. Qxb7 Nf6 24. Bf4 Qxb7 25. Rxb7 Nce8 26. Be5 Ne4 27. Bxg7
Nxg7 28. Bxe4 dxe4 29. Nf4 Bc8 30. Re7 Kf8 31. Rc7 Ba6 32. Ncd5 Kg8 33. Nf6+
Kh8 34. N4h5 Rf8 35. Nxg7 Rxf6 36. Rxa7 Rc6 37. d5 Rc1+ 38. Kf2 1-0

[Event "X Open"]
[Site "Condino ITA"]
[Date "2010.07.26"]
[Round "2"]
[White "Panjkovic, Stefan"]
[Black "Sanzani, Pierluigi"]
[Result "1/2-1/2"]
[WhiteElo "1608"]
[BlackElo "1848"]
[PlyCount "83"]
[EventDate "2010.07.26"]

1. d4 g6 2. Bf4 Bg7 3. e3 Nf6 4. Nf3 d6 5. h3 O-O 6. Be2 Nbd7 7. O-O c5 8. c3
a6 9. a4 b6 10. Nbd2 Bb7 11. Qc2 Rc8 12. Rfc1 cxd4 13. exd4 Nd5 14. Bh2 N7f6
15. Qb3 Bh6 16. Rd1 Nf4 17. Bxf4 Bxf4 18. a5 b5 19. c4 Bxf3 20. Nxf3 bxc4 21.
Bxc4 Rb8 22. Qc2 Qc8 23. Qe2 e6 24. Bxa6 Qc7 25. Bd3 Qb7 26. Ra2 Qb4 27. a6 Ra8
28. Qc2 Ra7 29. Qa4 Rb8 30. Qxb4 Rxb4 31. g3 Bh6 32. Kf1 Nd5 33. Ke2 Nc7 34. h4
Bg7 35. Ke3 Nb5 36. Bxb5 Rxb5 37. g4 Rb6 38. Rda1 Kf8 39. Nd2 d5 40. Nf3 Ke7
41. Nd2 Rb4 42. Nf3 1/2-1/2

[Event "X Open"]
[Site "Condino ITA"]
[Date "2010.07.26"]
[Round "2"]
[White "Petragnani, Gian Giacomo"]
[Black "Buglisi, Massimo"]
[Result "0-1"]
[WhiteElo "1674"]
[BlackElo "1879"]
[PlyCount "48"]
[EventDate "2010.07.26"]

1. Nf3 Nf6 2. g3 g6 3. Bg2 Bg7 4. O-O d6 5. d3 O-O 6. c3 c5 7. Qc2 Nc6 8. b3
Bd7 9. Bb2 Rc8 10. Nbd2 b5 11. e4 b4 12. Nc4 d5 13. Nce5 bxc3 14. Bxc3 Nd4 15.
Bxd4 cxd4 16. Qb2 dxe4 17. dxe4 Bb5 18. Rfd1 d3 19. Bf1 Rc2 20. Qd4 Ng4 21. Qb4
Nxe5 22. Nd4 Qxd4 23. Qxd4 Nf3+ 24. Kg2 Nxd4 0-1

[Event "X Open"]
[Site "Condino ITA"]
[Date "2010.07.26"]
[Round "2"]
[White "Poletti, Fausto"]
[Black "Brunello, Roberta"]
[Result "1/2-1/2"]
[WhiteElo "1901"]
[BlackElo "2064"]
[PlyCount "81"]
[EventDate "2010.07.26"]

1. Nf3 d5 2. d4 Nf6 3. e3 e6 4. Nbd2 Nbd7 5. b3 Bd6 6. Bb2 Qe7 7. c4 c6 8. Be2
e5 9. dxe5 Nxe5 10. Nxe5 Bxe5 11. Bxe5 Qxe5 12. O-O O-O 13. Nf3 Qe7 14. Qc2 Bg4
15. Rfd1 Rad8 16. h3 Bh5 17. Rac1 Rfe8 18. c5 Ne4 19. b4 f5 20. Nd4 Bxe2 21.
Qxe2 Qg5 22. Qf3 g6 23. a4 Qf6 24. Rc2 Ng5 25. Qg3 Ne6 26. Nxe6 Rxe6 27. Qc7
Qe7 28. Qxe7 Rxe7 29. Rd4 Kf7 30. Kf1 Re6 31. Ke2 a5 32. b5 Rc8 33. b6 Kf6 34.
Kd3 Rce8 35. Re2 Re4 36. f3 Rxd4+ 37. exd4 Rxe2 38. Kxe2 Kg5 39. g3 f4 40. Kf2
h5 41. g4 1/2-1/2

[Event "X Open"]
[Site "Condino ITA"]
[Date "2010.07.26"]
[Round "2"]
[White "Pretto, Aldo"]
[Black "De Nisi, Roberta"]
[Result "0-1"]
[WhiteElo "1694"]
[BlackElo "1900"]
[PlyCount "94"]
[EventDate "2010.07.26"]

1. Nf3 f5 2. e4 fxe4 3. Ng5 Nf6 4. d3 d5 5. dxe4 e5 6. exd5 Qxd5 7. Bd2 h6 8.
Nc3 Qd6 9. Nge4 Nxe4 10. Nxe4 Qg6 11. Qf3 Nc6 12. Qd3 Bf5 13. f3 Bd6 14. O-O-O
O-O-O 15. Qe3 Kb8 16. Bd3 Qe6 17. Kb1 Be7 18. g4 Bg6 19. h4 a5 20. Qe2 Bf7 21.
b3 Nd4 22. Qf2 Qb6 23. Be3 Qc6 24. Nd2 a4 25. Bxd4 Rxd4 26. Nc4 Bxc4 27. Bxc4
Rhd8 28. Rxd4 Rxd4 29. Qe2 axb3 30. Bxb3 Qc3 31. Qe1 Rd2 32. Qc1 e4 33. Qb2
Qxb2+ 34. Kxb2 exf3 35. Kc3 Rg2 36. Bd5 Rxg4 37. Rb1 Bf6+ 38. Kd3 Rd4+ 39. Ke3
Rxd5 40. Kxf3 Bxh4 41. c4 Rg5 42. Rh1 Rg3+ 43. Kf2 g5 44. Rd1 Rd3+ 45. Ke2 Rxd1
46. Kxd1 g4 47. Ke2 Bg3 0-1

[Event "X Open"]
[Site "Condino ITA"]
[Date "2010.07.26"]
[Round "2"]
[White "Qendro, Llambi"]
[Black "Gardi, Giuseppe"]
[Result "1/2-1/2"]
[WhiteElo "2356"]
[BlackElo "2034"]
[PlyCount "39"]
[EventDate "2010.07.26"]

1. Nf3 g6 2. g3 Bg7 3. Bg2 d6 4. c4 Nc6 5. O-O e5 6. Nc3 Nge7 7. d3 O-O 8. Bd2
Bd7 9. Qc1 Qc8 10. Bh6 Bh3 11. Bxg7 Kxg7 12. Nd5 Bxg2 13. Kxg2 Qd7 14. Qc3 Nxd5
15. cxd5 Ne7 16. e4 c5 17. dxc6 Qxc6 18. Qxc6 Nxc6 19. Rfc1 f5 20. Rc4 1/2-1/2

[Event "X Open"]
[Site "Condino ITA"]
[Date "2010.07.26"]
[Round "2"]
[White "Trifoni, Giorgio"]
[Black "Garonzi, Martino"]
[Result "0-1"]
[WhiteElo "1699"]
[BlackElo "2055"]
[PlyCount "116"]
[EventDate "2010.07.26"]

1. Nf3 Nf6 2. g3 d6 3. Bg2 g6 4. b3 Bg7 5. Bb2 O-O 6. d3 c5 7. O-O Nc6 8. c4 e5
9. Nc3 a6 10. a3 Rb8 11. Nd2 Qc7 12. Nde4 Nxe4 13. Bxe4 Be6 14. Bd5 Bxd5 15.
Nxd5 Qd8 16. Qd2 Ne7 17. Nxe7+ Qxe7 18. e4 f5 19. f4 exf4 20. Bxg7 Qxg7 21.
Qxf4 Qd4+ 22. Kg2 Qxd3 23. Rad1 Qxe4+ 24. Qxe4 fxe4 25. Rxd6 Rbd8 26. Rxf8+
Rxf8 27. Re6 Rf3 28. Rb6 Kf7 29. Rxb7+ Ke6 30. b4 Rxa3 31. bxc5 Ra4 32. Rb6+
Ke5 33. c6 Rxc4 34. Rxa6 Rc2+ 35. Kg1 Kd4 36. Ra4+ Ke3 37. Ra3+ Ke2 38. Ra4 Kf3
39. Ra1 Rxc6 40. Rf1+ Ke2 41. Rf2+ Ke3 42. Kg2 Rd6 43. Rf7 Kd2 44. Rf2+ Kd3 45.
Ra2 e3 46. Ra3+ Ke2 47. Ra7 Ke1 48. Rxh7 e2 49. Re7 Kd2 50. h4 e1=Q 51. Rxe1
Kxe1 52. Kf3 Rf6+ 53. Ke4 Kf2 54. g4 Kg3 55. Ke5 Rf8 56. h5 gxh5 57. gxh5 Rh8
58. Kf6 Rxh5 0-1

[Event "X Open"]
[Site "Condino ITA"]
[Date "2010.07.26"]
[Round "2"]
[White "Van den Bergh, Peter"]
[Black "Carola, Paolo"]
[Result "1/2-1/2"]
[WhiteElo "2074"]
[BlackElo "1917"]
[PlyCount "95"]
[EventDate "2010.07.26"]

1. e4 e5 2. f4 d5 3. exd5 exf4 4. Nf3 Nf6 5. Bc4 Nxd5 6. O-O Be7 7. d4 Nc6 8.
Bxd5 Qxd5 9. Bxf4 Bg4 10. Nc3 Qc4 11. Ne2 O-O-O 12. b3 Qa6 13. Qd2 Rhe8 14.
Rae1 Bxf3 15. gxf3 Bd6 16. Bxd6 Rxd6 17. c3 Qa5 18. Rf2 Qh5 19. Ng3 Rxe1+ 20.
Qxe1 Qh3 21. Re2 Nd8 22. Re5 Rh6 23. Qf2 Ne6 24. f4 Qg4 25. Re4 f5 26. Qe2 Qxe2
27. Rxe2 Nxf4 28. Re7 g6 29. c4 Rh4 30. d5 Nh3+ 31. Kg2 Ng5 32. Rg7 Ne4 33.
Nxe4 Rxe4 34. Rxh7 Re2+ 35. Kg3 Rxa2 36. Kf4 Rb2 37. Kg5 Rxb3 38. Kxg6 f4 39.
h4 a5 40. Rf7 f3 41. h5 a4 42. h6 f2 43. Rxf2 a3 44. h7 Rg3+ 45. Kf7 Rh3 46.
Ke6 Re3+ 47. Kf6 Rh3 48. Ke6 1/2-1/2

[Event "X Open"]
[Site "Condino ITA"]
[Date "2010.07.26"]
[Round "2"]
[White "Van Rekom, Robert"]
[Black "Lezzerini, Marco"]
[Result "1-0"]
[WhiteElo "1879"]
[BlackElo "1672"]
[PlyCount "29"]
[EventDate "2010.07.26"]

1. e4 d5 2. d4 dxe4 3. f3 exf3 4. Nxf3 Nf6 5. Bc4 e6 6. O-O c5 7. Bg5 cxd4 8.
Bxf6 Qxf6 9. Nbd2 Bc5 10. Ne4 Qe7 11. Nfg5 O-O 12. Nxh7 f6 13. Nxf8 Qxf8 14.
Qh5 Bb6 15. Ng5 1-0

[Event "X Open"]
[Site "Condino ITA"]
[Date "2010.07.26"]
[Round "2"]
[White "Varzi, Florian"]
[Black "Filosi, Gianluigi"]
[Result "0-1"]
[WhiteElo "1467"]
[BlackElo "1818"]
[PlyCount "34"]
[EventDate "2010.07.26"]

1. e4 d6 2. d4 Nf6 3. Nc3 g6 4. f4 Bg7 5. Bc4 Na6 6. h3 c5 7. Bxa6 bxa6 8. dxc5
Qa5 9. Qf3 Bb7 10. Bd2 Qxc5 11. Nge2 O-O 12. g4 Qc4 13. Ng3 Rab8 14. h4 d5 15.
b3 dxe4 16. Qd1 Qd4 17. Rb1 e3 0-1

[Event "X Open"]
[Site "Condino ITA"]
[Date "2010.07.26"]
[Round "2"]
[White "Ventura, Sergio"]
[Black "Ravazzolo, Gaia"]
[Result "1-0"]
[WhiteElo "2103"]
[BlackElo "1736"]
[PlyCount "75"]
[EventDate "2010.07.26"]

1. f4 d5 2. Nf3 Nf6 3. e3 Bf5 4. b3 g6 5. Bb2 Bg7 6. h3 O-O 7. d3 c5 8. Nbd2
Re8 9. g4 Bc8 10. Ne5 Nfd7 11. Ndf3 b6 12. Nxf7 Qc7 13. Bxg7 Kxg7 14. N3e5 Nxe5
15. Nxe5 Nd7 16. Nxd7 Bxd7 17. Bg2 Bc6 18. O-O Rf8 19. Qe1 e6 20. a4 Kg8 21.
Qc3 Qe7 22. Qe5 Rae8 23. c4 Qb7 24. Qd6 Rf7 25. a5 Rd7 26. Qe5 dxc4 27. Bxc6
Qxc6 28. axb6 axb6 29. dxc4 Rd2 30. Rf2 Rd7 31. f5 Rf7 32. fxg6 hxg6 33. Rxf7
Kxf7 34. Rf1+ Kg8 35. Rf6 Qd7 36. Rxg6+ Kf8 37. Qh8+ Kf7 38. Rg7+ 1-0

[Event "X Open"]
[Site "Condino ITA"]
[Date "2010.07.26"]
[Round "2"]
[White "Volpinari, Danilo"]
[Black "Papa, Angelo"]
[Result "1-0"]
[WhiteElo "2056"]
[BlackElo "1834"]
[PlyCount "75"]
[EventDate "2010.07.26"]

1. Nf3 g6 2. e4 Bg7 3. d4 d6 4. Nc3 c6 5. a4 a5 6. Be3 Nf6 7. h3 O-O 8. Bd3 Qc7
9. Qe2 e5 10. dxe5 dxe5 11. Nd2 Be6 12. Nc4 Nbd7 13. O-O Rfe8 14. Kh2 Bf8 15.
Rad1 Nc5 16. f3 Bxc4 17. Bxc4 Ne6 18. g3 Rad8 19. Bxe6 Rxe6 20. Qf2 Rxd1 21.
Rxd1 Rd6 22. Bb6 Qd7 23. Rxd6 Qxd6 24. Bxa5 Qd4 25. Qxd4 exd4 26. Nb1 Nd7 27.
Kg2 Ne5 28. Nd2 c5 29. f4 Nc6 30. Nc4 Nb4 31. Bxb4 cxb4 32. b3 Bc5 33. Kf3 Kf8
34. e5 Ke7 35. Ke4 Ke6 36. g4 f5+ 37. exf6 Kxf6 38. Ne5 1-0

[Event "X Open"]
[Site "Condino ITA"]
[Date "2010.07.26"]
[Round "2"]
[White "Weinberg, Emanuele"]
[Black "Salvotti, James"]
[Result "0-1"]
[WhiteElo "1843"]
[BlackElo "1582"]
[PlyCount "88"]
[EventDate "2010.07.26"]

1. d4 Nf6 2. c4 e5 3. dxe5 Ng4 4. e4 Nxe5 5. f4 Nec6 6. Be3 Bb4+ 7. Nd2 d6 8.
Ngf3 Bg4 9. Be2 Qe7 10. O-O Nd7 11. a3 Bc5 12. Bxc5 Nxc5 13. Re1 O-O 14. Nd4
Bxe2 15. Nxc6 bxc6 16. Qxe2 Rfe8 17. b4 Ne6 18. Qf2 c5 19. Nb3 Rab8 20. b5 Qf6
21. g3 Qc3 22. Nd2 Nd4 23. Rac1 Qxd2 24. Qf1 Re6 25. Rcd1 Qb2 26. Rb1 Qxa3 27.
Ra1 Qc3 28. Kh1 Qf3+ 29. Qxf3 Nxf3 30. Re2 Nd4 31. Rea2 Rxe4 32. Rxa7 g6 33.
Rxc7 Re2 34. Kg1 Nf3+ 35. Kf1 Rxh2 36. Raa7 Re8 37. Re7 Rxe7 38. Rxe7 Rb2 39.
Re2 Rb1+ 40. Kf2 Nd4 41. Re8+ Kg7 42. Rd8 Rb2+ 43. Kf1 Nf5 44. g4 Ne3+ 0-1

[Event "X Open"]
[Site "Condino ITA"]
[Date "2010.07.27"]
[Round "3"]
[White "Bettalli, Marco"]
[Black "Poletti, Fausto"]
[Result "1/2-1/2"]
[WhiteElo "2074"]
[BlackElo "1901"]
[PlyCount "43"]
[EventDate "2010.07.26"]

1. Nf3 Nf6 2. g3 g6 3. Bg2 Bg7 4. O-O O-O 5. d3 d6 6. Nbd2 e5 7. e4 Nc6 8. a4
Bd7 9. c3 Qe7 10. Nc4 Rae8 11. b4 Nd8 12. b5 Nh5 13. Ba3 f5 14. exf5 Bxf5 15.
Ne3 Be6 16. d4 exd4 17. Nxd4 Bf7 18. Nd5 Qd7 19. Qd2 Nf6 20. Nf4 Bc4 21. Bh3
Qf7 22. Rfe1 1/2-1/2

[Event "X Open"]
[Site "Condino ITA"]
[Date "2010.07.27"]
[Round "3"]
[White "Brunello, Roberta"]
[Black "Mazzetta, Renato"]
[Result "1-0"]
[WhiteElo "2064"]
[BlackElo "1929"]
[PlyCount "87"]
[EventDate "2010.07.26"]

1. e4 d5 2. exd5 Qxd5 3. Nc3 Qd6 4. d4 Nf6 5. Nf3 Bg4 6. Be2 c6 7. Be3 e6 8.
Ne5 Bf5 9. O-O Qc7 10. h3 Nbd7 11. Nd3 Bd6 12. Bf3 O-O 13. Qd2 e5 14. g4 Bxd3
15. Qxd3 exd4 16. Qxd4 Ne5 17. Bg2 Ng6 18. Rad1 Be5 19. Qb4 Nh4 20. Rfe1 Bxc3
21. Qxc3 Nxg2 22. Kxg2 Rfe8 23. Rd3 Rad8 24. Red1 Rxd3 25. Rxd3 Qe7 26. Bxa7
Nd5 27. Qd4 Qc7 28. Rf3 g5 29. Bc5 Re1 30. Qd2 Qe5 31. Be3 Nxe3+ 32. Rxe3 Rxe3
33. Qxe3 Qxb2 34. Qxg5+ Kf8 35. Qc5+ Kg8 36. a3 Qf6 37. Kg3 Qe6 38. h4 Qe4 39.
h5 Qh1 40. Qe3 Qg1+ 41. Kf4 Qh1 42. Qe8+ Kg7 43. Qe5+ Kg8 44. Kg5 1-0